000 00499nam a2200205Ia 4500
003 OSt
005 20230406103018.0
008 210423s2010 xx 000 0 und d
020 _a9788126912971
040 _cAL
041 _aeng
082 _a809.93592 BASS
100 _aBASSNETT (Susan).
_984093
245 _aTed Hughes.
260 _aNew Delhi
_bAtlantic Publishers and Distributors
_c2010
300 _ax,112
_bPB
365 _b175
_cINR
906 _ahughes. ; Ted
942 _2ddc
_cBK
999 _c158216
_d158216